[Event "Michigan Juniors"]
[Site "East Grand Rapids"]
[Date "2005.03.20"]
[Round "4.14"]
[White "Fernandez, Javier"]
[Black "Collins, Michael"]
[Result "0-1"]
[WhiteElo "906"]
[BlackElo "1511"]
[PlyCount "78"]
[EventDate "2005.03.19"]
[EventType "swiss"]
[EventRounds "5"]
[EventCountry "USA"]
[SourceTitle "EXT 2006"]
[Source "ChessBase"]
[SourceDate "2005.11.24"]
[SourceVersion "1"]
[SourceVersionDate "2005.11.24"]
[SourceQuality "1"]

1. e4 e5 2. d3 Nc6 3. Nf3 Nf6 4. Be2 d5 5. exd5 Nxd5 6. 0-0 Bd6 7. c4 Nf4 8. Bxf4 exf4 9. d4 g5 10. Nc3 g4 11. Ne5 Bxe5 12. dxe5 Qxd1 13. Raxd1 Be6 14. f3 g3 15. hxg3 fxg3 16. f4 Ne7 17. Ne4 Nf5 18. Nf6+ Ke7 19. Rf3 h5 20. Ne4 h4 21. c5 Rad8 22. Rxd8 Rxd8 23. a3 Nd4 24. Rf1 Nxe2+ 25. Kh1 Rd4 26. Ng5 Rxf4 27. Rxf4 Nxf4 28. b4 Bd5 29. Nf3 Bxf3 30. gxf3 h3 31. Kg1 Ne2+ 32. Kf1 g2+ 33. Kxe2 g1Q 34. Kd3 h2 35. c6 h1Q 36. cxb7 Qxf3+ 37. Kc4 Qc1+ 38. Kb5 Qfc6+ 39. Ka5 Qxa3# 0-1

[Event "Michigan Action"]
[Site "Warren"]
[Date "2004.12.11"]
[Round "2"]
[White "Collins, Michael"]
[Black "Baze, Lineas"]
[Result "0-1"]
[WhiteElo "1511"]
[BlackElo "2000"]
[PlyCount "92"]
[EventDate "2004.12.11"]
[EventType "swiss"]
[EventRounds "5"]
[EventCountry "USA"]
[SourceTitle "EXT 2007"]
[Source "ChessBase"]
[SourceDate "2006.11.23"]
[SourceVersion "1"]
[SourceVersionDate "2006.11.23"]
[SourceQuality "1"]

1. e4 c5 2. Nf3 Nc6 3. d4 cxd4 4. Nxd4 Nf6 5. Nc3 e5 6. Nf3 Bb4 7. Bd3 d5 8. Bd2 Bxc3 9. Bxc3 dxe4 10. Bb5 Qxd1+ 11. Rxd1 exf3 12. gxf3 0-0 13. 0-0 Bf5 14. Bxc6 bxc6 15. Bxe5 Rad8 16. c3 Rfe8 17. Bd4 a6 18. Rfe1 Rxe1+ 19. Rxe1 Re8 20. Re3 Rxe3 21. fxe3 Bb1 22. a4 Nd7 23. b4 Bd3 24. Kf2 f6 25. e4 Kf7 26. Ke3 Bf1 27. f4 Ke6 28. Ba7 g6 29. Kd4 h5 30. h4 Kd6 31. c4 Be2 32. Kc3 Bf3 33. Kd4 Be2 34. Kc3 Kc7 35. Bd4 Bf1 36. e5 fxe5 37. fxe5 Nf8 38. Be3 Kd7 39. c5 Ke6 40. Kd4 Bg2 41. Bf4 Kf5 42. Bg5 Ne6+ 43. Kc3 Nxg5 44. hxg5 Kxe5 45. b5 cxb5 46. axb5 axb5 0-1

[Event "Victoria-ch U20"]
[Site "Box Hill"]
[Date "2004.05.29"]
[Round "6"]
[White "Collins, Michael"]
[Black "Van Dijk, Devrim"]
[Result "0-1"]
[WhiteElo "827"]
[BlackElo "1560"]
[PlyCount "34"]
[EventDate "2004.05.22"]
[EventType "swiss"]
[EventRounds "8"]
[EventCountry "AUS"]
[SourceTitle "EXT 2006"]
[Source "ChessBase"]
[SourceDate "2005.11.24"]
[SourceVersion "1"]
[SourceVersionDate "2005.11.24"]
[SourceQuality "1"]

1. d4 d5 2. Nf3 Nf6 3. Bg5 Ne4 4. e3 Bg4 5. Bh4 c5 6. c4 Bxf3 7. Qxf3 Qa5+ 8. Kd1 cxd4 9. exd4 Qb6 10. cxd5 Qxd4+ 11. Bd3 Nc5 12. Bxe7 Bxe7 13. Kd2 Qxb2+ 14. Bc2 Bg5+ 15. Ke1 Qxc2 16. Qg4 Nd3+ 17. Kf1 Qxf2# 0-1